[Event "Olympiad-32"]
[Site "Yerevan"]
[Date "1996.09.30"]
[Round "13.4"]
[White "Sutovsky, Emil"]
[Black "Hodgson, Julian M"]
[Result "1/2-1/2"]
[WhiteElo "2565"]
[BlackElo "2550"]
[Annotator "Psakhis,L"]
[PlyCount "84"]
[EventDate "1996.09.15"]
[EventType "team-swiss"]
[EventRounds "14"]
[EventCountry "ARM"]
[SourceTitle "CBM 055"]
[Source "ChessBase"]
[SourceDate "1996.12.01"]
[SourceVersion "1"]
[SourceVersionDate "1996.12.01"]
[SourceQuality "1"]
[WhiteTeam "Israel"]
[BlackTeam "England"]
[WhiteTeamCountry "ISR"]
[BlackTeamCountry "ENG"]

1. e4 d6 2. d4 Nf6 3. Nc3 c6 4. f4 Qb6 5. e5 {N/} (5. a3 $5 Bg4 6. Qd2 e5 7. h3
exd4 $2 8. Na4 Qc7 9. hxg4 b5 10. Qxd4 bxa4 11. g5 Nfd7 12. Qxa4 Nc5 13. Qd4
Nbd7 14. Nf3 Rb8 15. Bc4 $16 {Topalov,V-Rivas Pastor,M/Pamplona/1995/}) (5. Nf3
Bg4 6. Be2 Bxf3 7. Bxf3 e5 8. Ne2 Nbd7 9. c3 Be7 10. O-O O-O 11. Qb3 d5 12.
fxe5 Nxe5 {De la Villa Garcia,J-Rivas Pastor,M/Pamplona/1995/}) 5... Nd5 6.
Nxd5 (6. Ne4 dxe5 7. fxe5 Bf5 8. Ng3 Bg6 $13) 6... cxd5 7. Bd3 (7. c3 Bf5 $1
$10) 7... g6 (7... Nc6 8. c3 g6 9. Qf3 $5 (9. Qe2 h5 $5 10. exd6 (10. h3 $2 Bf5
11. Bxf5 gxf5 12. e6 Qa6 $1 $15 {Morozevich,A-Rivas Pastor,M/Pamplona/1994/1:0/
38/}) 10... Bg4 $1 11. Qe3 e6 {/\Bd6=}) 9... e6 10. Qe2 Bd7 11. Nf3 O-O-O 12.
b4 Be7 13. a4 f6 14. O-O $14 {Sion,C-Izeta,T/Matalascanas(ESP-ch)/1995/1:0/61/}
) 8. c3 Bf5 (8... h5 9. Qf3 $1 Be6 10. Nh3 Bxh3 11. Qxh3 e6 12. O-O $16 {
Sion Castro,M-Cabezas Ayala,I/ESP-tch/1996/1:0/16/}) 9. Bxf5 gxf5 10. Nh3 $6 {
N/} (10. Qh5 $5 e6 11. Nf3 Nc6 12. Ng5 Nd8 13. g4 Be7 14. gxf5 exf5 15. Nxf7 $1
$36 {Wells,P-Rashkovsky,N/London LB/1990/1:0/42/}) 10... h5 11. e6 (11. Ng5 e6)
11... fxe6 12. Ng5 Rh6 13. Qe2 Qa6 $1 (13... Kd7 14. O-O (14. Nf7 Rh7 15. Ng5
Rh8 16. Nf7 $10) 14... Nc6 15. Re1 Nd8) 14. Qe3 Nd7 $6 (14... Kd7 $1 15. Kf2
Nc6 16. Re1 Nd8 $15) 15. Nxe6 Rc8 16. Ng5 (16. h3 Nf6) 16... Bg7 17. Qh3 e6 18.
Kd1 $1 Nf8 19. Re1 Kd7 20. Bd2 Qb5 21. b3 a5 $1 22. Qe3 Re8 (22... a4 23. Rb1)
23. Kc2 Bf6 24. h4 (24. a4 $5 Qc6 25. Qd3 $14) 24... a4 25. Qd3 Qc6 26. Re3
Bxg5 $6 (26... Bg7 $5 27. Rae1 axb3+ 28. axb3 Ra8) 27. hxg5 Rh8 28. Rh1 Ng6 29.
Reh3 h4 30. g3 axb3+ 31. axb3 Ra8 (31... hxg3 $5 32. Rxh8 Rxh8 33. Rxh8 Nxh8
34. Qxg3 Ng6 35. Qh2 Qa6) 32. gxh4 Ra2+ 33. Kd1 (33. Kb1 $2 Rha8 34. Rc1 R8a3
$1 35. c4 dxc4 36. d5 Ra1+ (36... cxd3 37. dxc6+ bxc6 38. Rxd3 Nxh4 $17) 37.
Kb2 c3+ $19) 33... Rh5 (33... Ra1+ $5 34. Ke2 Rxh1 (34... Ra2 $5 35. Kf1) 35.
Rxh1 Rxh4 36. Rxh4 Nxh4 37. Qh3 Ng6) 34. Qf3 Qb6 $5 (34... Rh8 35. h5 $18) 35.
Qxh5 (35. b4 $5 Ra1+ (35... Qb5 36. Qxh5 Qa4+ 37. Ke1 Qc2 38. Qd1) (35... Rh7
36. h5) 36. Bc1) 35... Qxb3+ 36. Ke1 Qb2 37. Qd1 (37. Qh7+ Kc6 $18) (37. R3h2
Ra1+ 38. Kf2 Qxd2+ 39. Qe2 Qxf4+ 40. Kg2 Rxh1 41. Qb5+ Kc8) (37. Qe2 $2 Nxf4)
37... Ra1 38. Qxa1 (38. h5 $5 Rxd1+ 39. Kxd1 Qb1+ 40. Ke2 Qe4+ 41. Kf2 (41. Kd1
Qb1+ 42. Ke2 Qe4+ 43. Kd1 Qb1+ $10) 41... Nxf4 42. Bxf4 Qxf4+ 43. Ke2 Qe4+ (
43... Qxg5 44. h6 Qg2+ 45. Kd1 Qg4+ 46. Kd2 Qf4+ 47. Kc2) (43... Qg4+ 44. Kd3)
44. Kd2) 38... Qxa1+ 39. Ke2 Qa6+ 40. Ke1 (40. Rd3 Qa2 $14) (40. Ke3 e5 $1)
40... Qa1+ 41. Ke2 Qa6+ 42. Kd1 Qa4+ 1/2-1/2

[Event "Donner Memorial"]
[Site "Amsterdam"]
[Date "1996.08.22"]
[Round "5"]
[White "Timman, Jan H"]
[Black "Hodgson, Julian M"]
[Result "0-1"]
[WhiteElo "2590"]
[BlackElo "2550"]
[Annotator "Psakhis,L"]
[PlyCount "76"]
[EventDate "1996.08.17"]
[EventType "tourn"]
[EventRounds "11"]
[EventCountry "NED"]
[EventCategory "16"]
[SourceTitle "CBM 055"]
[Source "ChessBase"]
[SourceDate "1996.12.01"]
[SourceVersion "1"]
[SourceVersionDate "1996.12.01"]
[SourceQuality "1"]

1. d4 d6 2. e4 Nf6 3. f3 d5 4. e5 Nfd7 5. Nc3 (5. f4 $5 c5 6. c3 Nc6 7. Nf3
cxd4 (7... e6) 8. cxd4 Nb6 9. Nc3 Bg4 10. Be3 e6 11. Rc1 a6 12. h3 $14 {
Paehtz,T-Miles,A/Bad Worishofen/1995/1:0/35/}) 5... c5 $5 (5... e6 6. f4 c5 7.
Nf3 {C11}) 6. Bg5 $6 (6. Nxd5 $5 e6 7. Nc3 cxd4 8. Qxd4 Nc6 9. Qa4 Ndxe5 $13)
6... h6 (6... Nc6 7. dxc5 (7. Nb5 Qa5+) 7... d4 8. Ne4 Ndxe5 9. Nd6+ Kd7 $132)
7. Bh4 (7. Be3 $5) 7... g5 $1 8. Bg3 (8. Bf2 cxd4 9. Bxd4 e6 10. Nb5 Nc6) 8...
cxd4 9. Nb5 (9. Qxd4 e6 10. Bb5 (10. Nb5 Nc6 11. Qe3 Bg7 $5 12. Nd6+ Kf8) 10...
Nc6 11. Qa4 Qc7) (9. Nxd5 $4 Qa5+) 9... e6 10. f4 (10. Nxd4 Qb6) 10... Qa5+ $1
11. Kf2 $8 (11. Qd2 Bb4 12. c3 dxc3 13. bxc3 Be7 $17) 11... Nc6 (11... Qb6 $5
12. Bd3 (12. Nxd4 Nc6 13. Nge2 Nxd4 14. Nxd4 Bc5 15. c3 Qxb2+ $19) 12... a6 13.
Nd6+ Bxd6 14. exd6 gxf4 15. Bxf4 e5 $17) 12. Nf3 Nc5 (12... Qb6 $5) (12... gxf4
$5 13. Bxf4 Qb6) 13. Kg1 (13. Nbxd4 Ne4+ 14. Kg1 Bc5 (14... Qb6 15. Bb5 Bd7 $36
) 15. c3 Qb6 16. b4 Bxd4+ (16... Be7 $5) 17. cxd4 g4 18. b5 $8 Nc3 19. Qd3 Nxb5
20. Qxb5 gxf3 21. Rd1 Qxb5 22. Bxb5 fxg2 23. Kxg2 Bd7 $15) (13. Nfxd4 Ne4+ 14.
Kg1 Qb6 15. c3 a6 16. Qa4 Rb8 $17) 13... Ne4 14. Bd3 Bd7 15. Nd6+ $6 (15. Be1
$5 Qb6 16. a4) 15... Bxd6 (15... Nxd6 $5 16. exd6 Bxd6 17. fxg5 e5 $17) 16.
exd6 Qc5 $1 (16... Nxg3 17. hxg3 gxf4 18. gxf4 Qb4 19. Ne5 Qxd6 20. Qh5 Nxe5
21. fxe5 $44 (21. Qxe5 $5)) 17. Qe2 O-O-O $1 (17... Nxg3 18. hxg3 gxf4 19. gxf4
Qxd6 20. Ne5) 18. Bxe4 (18. Ne5 gxf4 19. Bxf4 (19. Nxc6 Bxc6 20. Bxf4 f6 21.
Qg4 Bd7 $17) 19... Nxe5 20. Bxe5 f6 $19) 18... dxe4 (18... d3+ $5 19. Bf2 (19.
Qf2 Qxf2+ 20. Bxf2 dxe4 21. Ne5 gxf4 22. Nxf7 e3 23. Bh4 d2 24. Bxd8 Rh7 $17)
19... dxe2 20. Bxc5 dxe4 21. Ne5 $17 gxf4 $5 22. Nxf7 b6 23. Nxh8 Rxh8 24. Ba3
Rg8 $17) 19. Qxe4 f5 (19... d3+ $5 20. Bf2 Qxc2) 20. Qe1 (20. Qd3 gxf4 21. Bxf4
e5 $19) 20... gxf4 21. Bxf4 e5 22. b4 (22. Bg3 e4 $19) 22... Qd5 23. c4 $8 (23.
Bxe5 Rhg8 $5 24. Bg3 f4 25. c4 Qxd6 26. Bh4 Bh3) 23... dxc3 24. Bxe5 Rhe8 25.
Qxc3 $8 (25. Rd1 $2 Nxe5 $1) 25... Rxe5 26. Nxe5 Qxe5 $17 27. Qxe5 Nxe5 28. Rd1
Bc6 (28... Nc4 $5) 29. b5 Be4 30. Kf2 (30. a4 Rg8) 30... Rg8 31. Rhg1 Kd7 32.
h3 Nd3+ $1 33. Ke3 Rg3+ 34. Kd4 Kxd6 $19 35. Rd2 b6 36. Kc4 (36. a4 Nf4) 36...
Bd5+ 37. Kc3 Ne5+ 38. Kb2 (38. Kc2 Nf3 39. Rd3 Rxg2+ 40. Rxg2 Ne1+ 41. Kc3 Nxg2
$19) 38... Nc4+ 0-1

[Event "Biel MTO op"]
[Site "Biel"]
[Date "1995.??.??"]
[Round "8"]
[White "Psakhis, Lev"]
[Black "Sturua, Zurab"]
[Result "1-0"]
[WhiteElo "2610"]
[BlackElo "2540"]
[Annotator "Psakhis,L"]
[PlyCount "127"]
[EventDate "1995.07.??"]
[EventType "swiss"]
[EventRounds "11"]
[EventCountry "SUI"]
[SourceTitle "CBM 048 Extra"]
[Source "ChessBase"]
[SourceDate "1995.11.01"]
[SourceVersion "1"]
[SourceVersionDate "1995.11.01"]
[SourceQuality "1"]

1. e4 d6 2. d4 Nf6 3. f3 e5 (3... d5 4. e5 Ng8 $5 (4... Nfd7 5. c4 dxc4 6. Bxc4
e6 7. f4 c5 8. dxc5 Bxc5 9. Nf3 a6 10. Nc3 b5 11. Bd3 Bb7 12. a3 Nc6 13. Ne4
O-O 14. h4 $1 Be7 15. Be3 $36 {Kasparov,G-Hatison,C/DEN/1990/}) 5. Ne2 c5 6.
dxc5 e6 7. Be3 Nd7 8. f4 Nh6 9. Ng3 Bxc5 10. Bxc5 Nxc5 11. Nc3 Bd7 12. Qd2 O-O
13. O-O-O Qa5 14. Kb1 Rfc8 $13 {Fedorowicz,J-Hansen,C/Wijk aan Zee/1991/
CBM-22/}) (3... Nc6 $5 4. c4 e5 5. d5 Nd4 6. Be3 $6 c5 7. dxc6 bxc6 8. Bxd4
exd4 9. Qxd4 Rb8 10. Nd2 Be7 11. Ne2 O-O 12. Nb3 Nd7 13. Nc3 Nc5 14. Nxc5 Bf6
15. Nb7 Bxb7 16. Qd2 Qb6 $40 {Flear,C-Hodgson,J/ENG-ch/1989/ CBM-15/}) 4. d5 (
4. dxe5 dxe5 5. Qxd8+ Kxd8 6. Bc4 Be6 (6... Ke8 $1 7. Nc3 c6 8. Nge2 Nbd7 9. a4
a5 10. Be3 Bc5 11. Kf2 Ke7 12. Nc1 Bxe3+ 13. Kxe3 Nc5 14. Nd3 Nxd3 15. Kxd3 Nd7
$10 {Levitt,J-Adams,M/London/1990/}) 7. Bxe6 fxe6 8. Be3 Nbd7 9. Nd2 Bc5 $6 (
9... Bd6 $14) 10. Bxc5 Nxc5 11. Nc4 Ncd7 12. Nh3 Ne8 13. O-O-O Ke7 14. Rd2 b5
15. Rhd1 bxc4 16. Rxd7+ Kf6 17. Nf2 $18 {Spassky,B-Rivas Pastor,M/1991/}) 4...
c6 (4... g6 5. c4 Bg7 6. Nc3 O-O 7. Bg5 c6 8. Qd2 cxd5 9. Nxd5 Be6 10. Ne2 Nbd7
(10... Nc6 $32) 11. Nec3 Nb6 12. Be2 Rc8 13. b3 Nbxd5 14. Nxd5 Bxd5 15. cxd5
$16 {Psakhis,L-Ree,H/Amsterdam OHRA-B/1989/}) 5. c4 Qb6 6. Nc3 Bd7 {N/} (6...
Be7 7. Qe2 {N/} (7. Na4 $5 Qc7 8. Be3 $14) (7. Nge2 $5 O-O 8. Ng3 cxd5 (8... a5
9. Na4 Qa7 10. Qb3 $1) 9. Na4 $1 (9. cxd5 Bd8 $13) 9... Qc7 (9... Qd4 10. Qxd4
exd4 11. cxd5 Bd7 12. b3 $14) 10. cxd5 Bd7 11. Be3 Rc8 12. Nc3 Na6 13. Be2 (13.
Bxa6 $1 bxa6 14. O-O $16) 13... Bd8 (13... Nc5 $5 14. O-O Qa5) 14. O-O Qa5 15.
Kh1 $14 {Kasparov,G-Wahls,M/GER/1992/}) 7... Nbd7 (7... O-O 8. Be3 Qc7 9. Qd2 {
/\g4,Nge2-g3->/}) 8. Be3 Nc5 9. Qd2 O-O (9... Qa5 10. Rb1 $16) (9... Qc7 $5 10.
b4 Na6 11. a3 $14) 10. Na4 $14 Qa6 11. Nxc5 dxc5 12. b3 $5 {Korchnoi,V-Rivas
Pastor,M/Barcelona/1992/}) 7. Na4 Qd8 (7... Qa6 8. b4 (8. b3 $5 cxd5 9. cxd5
Qa5+ 10. Bd2 Qd8 11. Nc3 $13) 8... cxd5 9. b5 Qa5+ 10. Bd2 Qd8 11. cxd5 Be7 $10
(11... Nxe4 12. fxe4 Qh4+ 13. Ke2 Qxe4+ 14. Kf2 Bg4 15. Be2 Bxe2 16. Nxe2 $16))
8. Be3 cxd5 9. cxd5 Nxd5 $5 (9... Be7 10. Qb3 b6 (10... Qa5+ 11. Bd2 Bxa4 12.
Qxb7 Qb6 13. Qxa8 O-O 14. Rc1 Nc6 15. Rxc6 Rxa8 16. Rxb6 axb6 17. Bd3 $16) 11.
Bb5 $14) 10. Qxd5 (10. exd5 $2 Qh4+ $19) 10... Bxa4 11. Qxb7 Bc6 12. Qb3 (12.
Bb5 Qa5+) 12... Be7 (12... d5 $5) 13. Bc4 O-O 14. Ne2 $14 Bh4+ (14... Nd7 15.
Nc3 Nb6 16. Bxb6 axb6 17. Bd5 $16) 15. g3 Bg5 16. Bxg5 Qxg5 17. Rd1 $1 Qh6 18.
Qa3 Rd8 19. O-O Be8 $6 (19... a5 $1 20. Rd3 Na6 21. Bxa6 Rxa6 22. Nc3 $14) 20.
Rd3 Nc6 (20... Kf8 21. Rfd1 Ke7 22. f4 $1) 21. Rfd1 g6 22. Rxd6 Rxd6 23. Rxd6
Rc8 24. Ba6 (24. Qc3 Qf8 25. Rd5 $16) 24... Rb8 25. Qc3 Qf8 26. Rd2 (26. Rxc6
Bxc6 27. Qxc6 Rb6 28. Qc4 (28. Qc8 Qxc8 29. Bxc8 Rxb2 $10) 28... Rxb2 29. Qd5
Qb4 30. Kg2 Qe1 $10) 26... Nb4 27. Bc4 Rc8 28. b3 Bb5 (28... Qc5+ 29. Kg2 $18)
29. Qxe5 Bxc4 30. bxc4 Rxc4 31. Kg2 Nc6 32. Qf6 Qg7 33. Qd6 (33. e5 Qxf6 34.
exf6 Kf8 35. g4 $16) 33... Qe5 34. Qd7 (34. Qxe5 Nxe5 35. f4 Ng4 36. h3 Nf6 37.
Rd8+ Kg7 38. e5 Ne4 39. Kf3 $16) 34... Qc5 35. Nf4 Nd4 (35... Rc2 36. Rxc2
Qxc2+ 37. Kh3) 36. Nd3 Qa5 37. Rb2 Kg7 38. Qd6 Ne6 (38... Qc3 39. Qe5+ Kh6 40.
Qf4+ Kg7 41. Rb7 Nf5 $8 42. Ne5 Ra4 43. Rxf7+ Kg8 44. Rxf5 gxf5 45. Qg5+ $18)
39. e5 Qd8 $8 40. Qxd8 Nxd8 41. f4 a5 $6 (41... Ne6 $16) 42. Kf3 h5 43. Ke3 Ne6
44. Nf2 $1 Nc5 $6 (44... Rc3+ 45. Ke4 h4 46. Nd3 Rc4+ 47. Ke3 hxg3 48. hxg3 Rc3
49. Rb3 Rc2 50. a3 $16) 45. Rb5 $1 a4 46. Kd2 Kf8 (46... h4 47. Rb2 hxg3 48.
hxg3 Ne6 49. Rc2 Rd4+ 50. Ke3) 47. Rb2 Ke7 48. Rc2 Rd4+ (48... Rxc2+ 49. Kxc2
Ke6 50. Kc3 Kd5 51. Kb4 $18) 49. Ke3 Rd5 50. Rb2 (50. Rd2 Ke6) 50... f6 51.
exf6+ Kxf6 52. Rd2 Ke6 53. Rd4 $1 a3 54. Rc4 g5 55. fxg5 Rxg5 56. Ne4 $18 Nxe4
57. Rxe4+ Kf6 (57... Re5 58. Kf4 Rxe4+ 59. Kxe4 Kd6 60. h3 $1 Ke6 61. h4 Kf6
62. Kf4 Ke6 63. Kg5 Ke5 64. Kxh5 Kd4 65. g4 Kc3 66. g5 Kb2 67. g6 $18) 58. Ra4
Rc5 59. Rxa3 Rc2 60. h3 Rh2 61. Ra6+ $2 (61. h4 Rc2 62. Ra5 Rc3+ 63. Kf2 Rc2+
64. Ke1 Kg6 65. Rg5+ Kh6 66. a4 $18) 61... Kf7 (61... Kg7 $1 62. h4 Rc2 63. Ra5
Kh6 64. Kd4 Rg2 65. Ra6+ Kg7 66. Ra3 Rd2+ 67. Ke4 Kh6 (67... Kg6 68. Ra5 $1)
68. Ra6+ Kh7 69. a4 Rg2 70. Kf3 Rc2 71. a5 Rc3+ 72. Kf4 Rc4+ 73. Ke5 Ra4 74.
Kf5 Rc4 75. Re6 $18) 62. h4 Rc2 63. Ra5 Kg6 64. Rg5+ 1-0

[Event "Sautron op 15th"]
[Site "Sautron"]
[Date "2015.10.24"]
[Round "6.1"]
[White "Libiszewski, Fabien"]
[Black "Zubarev, Alexander2"]
[Result "1/2-1/2"]
[WhiteElo "2523"]
[BlackElo "2542"]
[Annotator "RR"]
[PlyCount "52"]
[EventDate "2015.10.24"]
[EventType "swiss"]
[EventRounds "9"]
[EventCountry "FRA"]
[SourceTitle "CBM 169 Extra"]
[Source "ChessBase"]
[SourceDate "2015.12.18"]
[SourceVersion "1"]
[SourceVersionDate "2015.12.18"]
[SourceQuality "1"]
[TimeControl "40/5400+30:1800+30"]
[WhiteClock "0:07:20"]
[BlackClock "0:00:47"]

1. e4 {[%emt 0:00:00]} d6 {[%emt 0:00:00]} 2. d4 {[%emt 0:00:12]} Nf6 {[%emt 0:
00:01]} 3. Nc3 {[%emt 0:00:17]} g6 {[%emt 0:00:04]} 4. Be3 {[%emt 0:01:01]} c6
{[%emt 0:00:07]} 5. h3 {[%emt 0:07:46]} Qa5 {[%emt 0:05:06] Une ligne
secondaire} (5... Bg7) (5... Nbd7) 6. Qd2 {[%emt 0:04:21]} (6. Bd3 e5 7. Nf3
Nbd7 8. O-O Bg7 9. Qd2 O-O 10. Rad1 Re8 11. Rfe1 Qc7 12. a4 exd4 13. Bxd4 Ne5
14. Be2 Be6 15. Ng5 h6 16. Nxe6 fxe6 17. f4 Nf7 18. Be3 Rad8 19. Bd3 e5 20.
fxe5 dxe5 21. Qf2 b6 22. Bc4 Kh7 23. a5 bxa5 24. Rxd8 Rxd8 25. Bxa7 Qe7 26. Bc5
Nd6 27. Bd3 Nh5 28. Ne2 Rf8 29. Qe3 Nf4 30. Rf1 Qf6 31. Kh1 Qe6 32. Nxf4 exf4
33. Rxf4 Rxf4 34. Qxf4 Nf7 35. b3 Ne5 {Fressinet,L (2702)-Onischuk,V (2612)
Bastia 2015 1/2-1/2}) 6... Nbd7 {[%emt 0:01:24]} 7. f4 {[%emt 0:04:44]} (7. Nf3
Bg7 8. Bd3 (8. a4)) 7... b5 {[%emt 0:12:26][%cal Gb5b4,Gf6e4]} 8. Bd3 {[%emt 0:
00:58]} b4 {[%emt 0:00:14]} 9. Nce2 {[%emt 0:02:09]} (9. Nd1 c5 10. Nf2 {
Areshchenko,A (2625)-Zimmerman,Y (2375) Monarch Assurance 14th 2005 (2) 1/2})
9... c5 {[%emt 0:00:55]} 10. e5 $146 {[%emt 0:15:02]} (10. c3 Bb7 11. d5 bxc3
12. Nxc3 Bg7 13. Nf3 O-O 14. O-O Kh8 15. Rae1 e6 16. dxe6 fxe6 17. Ng5 Rae8 18.
Bb5 Qc7 19. e5 dxe5 20. fxe5 Nd5 21. Rxf8+ Bxf8 22. Nxe6 Rxe6 23. Nxd5 Qxe5 24.
Bxd7 Rd6 25. Qf2 Qg7 26. Bxc5 Rxd5 27. Re8 {1-0 (27) Grigoriants,S (2443)
-Panarin,M (2413) Vladimir 2002}) 10... cxd4 {[%emt 0:03:03]} 11. Nxd4 {
[%emt 0:04:02]} dxe5 {[%emt 0:00:15]} 12. Nc6 {[%emt 0:07:21]} Qc7 {[%emt 0:11:
47]} 13. Nxe5 {[%emt 0:00:54]} Bg7 {[%emt 0:12:43]} (13... Nxe5 14. fxe5 Qxe5
15. Nf3 Qg3+) 14. Ngf3 {[%emt 0:00:28]} O-O {[%emt 0:01:11]} 15. Bd4 {[%emt 0:
11:34]} Nc5 {[%emt 0:08:33]} 16. Bc4 {[%emt 0:03:40]} Nce4 $1 {[%emt 0:18:05]}
17. Qxb4 {[%emt 0:01:22]} Rb8 {[%emt 0:09:00]} 18. Qa3 {[%emt 0:01:00]} Nd6 {
[%emt 0:04:27]} 19. Bb3 {[%emt 0:12:55]} a5 {[%emt 0:04:34]} 20. Qc5 {[%emt 0:
05:38]} Qxc5 {[%emt 0:01:21]} 21. Bxc5 {[%emt 0:00:04]} Nfe4 $1 {[%emt 0:00:26]
} 22. Ba3 {[%emt 0:00:35]} Bh6 {[%emt 0:03:52]} 23. O-O {[%emt 0:05:26]} Bxf4 {
[%emt 0:00:11]} 24. Rfe1 {[%emt 0:00:32]} (24. Rae1) 24... Bb7 {[%emt 0:01:32]}
25. Nd7 {[%emt 0:00:36]} Bg3 {[%emt 0:00:18]} 26. Nxb8 {[%emt 0:03:03]} Bf2+ {
[%emt 0:00:38]} 1/2-1/2

[Event "Sautron op 15th"]
[Site "Sautron"]
[Date "2015.10.24"]
[Round "9.2"]
[White "Lejarre, Ludovic"]
[Black "Le Roux, Jean Pierre"]
[Result "0-1"]
[WhiteElo "2342"]
[BlackElo "2572"]
[Annotator "RR"]
[PlyCount "46"]
[EventDate "2015.10.24"]
[EventType "swiss"]
[EventRounds "9"]
[EventCountry "FRA"]
[SourceTitle "CBM 169 Extra"]
[Source "ChessBase"]
[SourceDate "2015.12.18"]
[SourceVersion "1"]
[SourceVersionDate "2015.12.18"]
[SourceQuality "1"]
[TimeControl "40/5400+30:1800+30"]
[WhiteClock "0:01:53"]
[BlackClock "0:08:29"]

1. e4 {[%emt 0:03:07]} g6 {[%emt 0:00:28]} 2. d4 {[%emt 0:00:26]} Bg7 {[%emt 0:
00:11]} 3. Nc3 {[%emt 0:01:13]} d6 {[%emt 0:00:10]} 4. Bc4 {[%emt 0:02:00]} Nf6
{[%emt 0:02:08]} 5. Qe2 {[%emt 0:00:26]} Nc6 {[%emt 0:12:49]} 6. e5 {[%emt 0:
15:25] Une première hésitation des Blancs mais la position est pourtant
connue} (6. Nf3 {L'alternative}) 6... Ng4 {[%emt 0:10:17]} 7. e6 {[%emt 0:22:
02]} (7. Bb5 {[%cal Gd4d5]} O-O 8. Bxc6 bxc6 9. h3 Nh6 10. Nf3 c5 (10... Rb8))
7... Nxd4 {[%emt 0:15:35]} (7... f5 8. d5 Na5 9. h3 {Hoffmann,M (2425)-Jansa,V
(2455) Muenster 1992 (5) 1/2}) 8. exf7+ {[%emt 0:17:11] La position est tendue
et les deux adversaires sont sortis de la préparation même si la position
est encore théorique} (8. Qxg4 Nxc2+ 9. Kd1 f5 10. Bb5+ c6 11. Qa4 Nd4 12. Nf3
cxb5 13. Nxb5 Nxf3 14. Nc7+ Kf8 15. Nxa8 Nd4 16. Qxa7 Bxe6 17. Be3 Nb5 18. Qxb7
Qa5 19. Nb6 Bxb2 20. Ke2 Qb4 21. Rac1 Nc3+ 22. Kd3 Qb5+ 23. Kc2 Qe2+ 24. Bd2
Bxc1 25. Rxc1 Ne4 26. Rd1 Kf7 27. f3 Nc5 28. Qa7 Qxg2 29. Re1 Qxf3 30. Bc3 Re8
31. Qa5 Rb8 32. Qb4 Nd3 33. Qd4 Nxe1+ 34. Bxe1 Qc6+ 35. Bc3 Qxb6 {0-1 (35)
Kotz,H (2345)-Kilgus,G (2428) Austria 2014}) 8... Kf8 {[%emt 0:00:09]} 9. Qd1 {
[%emt 0:00:22]} Bf5 {[%emt 0:14:42][%csl Re1][%cal Gd4c2]} 10. Bd3 {[%emt 0:02:
47]} (10. Bb3 {[%cal Gb3c2,Gb3f7]} Nxb3 11. axb3 Kxf7 12. Nf3 Rf8 13. O-O Kg8
$11) 10... Qd7 {[%emt 0:00:45]} 11. Be3 $146 {[%emt 0:03:37]} (11. Nge2 Bxd3
12. cxd3 Nxe2 13. Qxe2 Kxf7 14. O-O Ne5 15. d4 Nc6 16. Be3 Rhe8 17. Qc4+ Kf8
18. f4 e6 19. d5 Ne7 20. dxe6 Qc6 21. Qb3 d5 22. f5 gxf5 23. Bg5 Bxc3 24. bxc3
Qb6+ 25. Qxb6 axb6 26. g4 Ra4 27. Bh6+ Kg8 28. gxf5 Rh4 29. f6 {1-0 (29) Horak,
M (2300)-Pick,S (2240) Czechia 2005}) 11... Qe6 $1 {[%emt 0:08:02][%csl Re3]
[%cal Ge6e1]} 12. Nge2 {[%emt 0:12:05]} Nxe3 {[%emt 0:06:21]} 13. fxe3 {
[%emt 0:01:16]} Qxe3 $17 {[%emt 0:00:26][%csl Re1]} 14. Nd5 {[%emt 0:01:11]}
Qe5 {[%emt 0:01:24]} 15. Nxc7 $2 {[%emt 0:02:11] La position Blanche était
déjà critique avec un K bloqué au centre mais après ce coup, le rennais
perd du matériel} Qa5+ {[%emt 0:09:21]} 16. c3 {[%emt 0:03:13]} Nxe2 {[%emt 0:
00:13]} 17. Nxa8 {[%emt 0:03:38]} Nxc3 $1 $19 {[%emt 0:02:07]} 18. Qd2 {
[%emt 0:04:37]} Qe5+ {[%emt 0:02:21]} 19. Kf1 {[%emt 0:01:29]} Qd4 {[%emt 0:02:
04]} 20. bxc3 {[%emt 0:00:37]} Bxd3+ {[%emt 0:00:06]} 21. Ke1 {[%emt 0:00:07]}
Qc4 {[%emt 0:01:23]} 22. Rc1 {[%emt 0:00:19]} Kxf7 {[%emt 0:01:29]} 23. Nc7 {
[%emt 0:00:18]} Rc8 0-1